| 000 | 00663nam a2200193 i 4500 | ||
|---|---|---|---|
| 001 | 141865 | ||
| 003 | ES-MaACL | ||
| 005 | 20250831115956.0 | ||
| 007 | t| | ||
| 008 | 070928s1953 sp ||||1| spa d | ||
| 100 | 1 |
_aViñas y Mey, Carmelo _9115384 |
|
| 245 | 1 | 0 |
_aUna experiencia social de interés sociológico _b: la reforma agraria de Bolivia / _cpor C. V. M. |
| 260 |
_a[S.l. : _bs.n., _c1953] |
||
| 300 |
_a12 p. ; _c25 cm. |
||
| 500 | _aEs separata de la Revista Internacional de Sociología. Año XI (abril-junio 1953), núm. 12. | ||
| 650 | 1 | 4 |
_aReforma agraria- _zBolivia _916719 |
| 852 |
_aES-MaACL _j1961-F-5 |
||
| 999 |
_c141865 _d141865 |
||